000 00956pam a2200301 4500
999 _c3575
_d3575
001 4159516
003 OSt
005 20220121105446.0
008 730220s1973 caua b 001 0 eng
010 _a 78156043
020 _a0716703440 (pbk.)
040 _aDLC
_cDLC
_dDLC
050 0 0 _aQC178
_b.M57
082 0 0 _a531
_bMIS 2000
100 1 _aMisner, Charles W.
_97984
245 1 0 _aGravitation
_c Charles W. Misner, Kip S. Thorne [and] John Archibald Wheeler.
260 _aSan Francisco,
_bW. H. Freeman
_c1973
300 _axxvi, 1279 p.
_billus.
_c26 cm.
350 _a$39.50
504 _aBibliography: p. [1221]-1254.
650 0 _aGravitation.
_97985
650 0 _aAstrophysics.
_97955
650 0 _aGeneral relativity (Physics)
_97986
700 1 _aThorne, Kip S.,
_ejoint author.
_97987
700 1 _aWheeler, John Archibald,
_d1911-2008,
_ejoint author.
_97988
906 _a7
_bcbc
_corignew
_d1
_encip
_f19
_gy-gencatlg
942 _2ddc
_cSLOAN